00362nam a2200145Ia 4500003000900000008004100009040001300050040001300063100002000076245008100096250001200177260001300189300000800202490000600210IT-RoPAU120407s9999 xx 000 0 und d aIT-RoPAU cIT-RoPAU aErnesto Sa Nova aIl poliglotta moderno: per imparare senza maestro la lingua tedesca (vol. I) aMilano  aSonzogno c cm v1